Normal view
MARC view
Entry Personal Name
001 - CONTROL NUMBER
- control field: 18925
003 - CONTROL NUMBER IDENTIFIER
- control field: dpl
005 - DATE AND TIME OF LATEST TRANSACTION
- control field: 20100908140447.0
008 - FIXED-LENGTH DATA ELEMENTS
- fixed length control field: 100908|||a|||||| | ||| d
040 ## - CATALOGING SOURCE
- Original cataloging agency: dpl
- Transcribing agency: dpl
100 ## - HEADING--PERSONAL NAME
- Personal name: Majeed,A.
670 ## - SOURCE DATA FOUND
- Source citation: Work cat.: (dpl): Majeed,A., Together with AIEEE mathematics including mathematical reasoning /, 2009-10
670 ## - SOURCE DATA FOUND
- Source citation: Work cat.: (dpl): Majeed,A., Together with AIEEE mathematics including mathematical reasoning /, 2009-10
